书目信息 |
| 题名: |
应用多元统计分析方法
|
|
| 作者: | 约翰逊, 著 | |
| 分册: | ||
| 出版信息: | 北京 高等教育出版社 2005.06 |
|
| 页数: | 567页 | |
| 开本: | 25cm | |
| 丛书名: | 海外优秀数学类教材系列丛书 | |
| 单 册: | ||
| 中图分类: | O212.4 | |
| 科图分类: | ||
| 主题词: | 多元分析--duo yuan fen xi--统计分析--分析方法--高等学校--英文--教材 | |
| 电子资源: | ||
| ISBN: | 7-04-016545-7 | |
| 000 | 01270nam 2200289 450 | |
| 001 | 0965203908 | |
| 005 | 20090527093138.70 | |
| 010 | @a7-04-016545-7@dCNY43.30 (含光盘) | |
| 100 | @a20060808d2005 km y0chiy0120 ea | |
| 101 | 0 | @aeng |
| 102 | @aCN@b110000 | |
| 105 | @aa a 000yy | |
| 200 | 1 | @a应用多元统计分析方法@Aying yong duo yuan tong ji fen xi fang fa@d= Applied multivariate methods for data analysts@f(美) 约翰逊 (Johnson, D. E.) 著@F(mei)yue han xun(Johnson,D.E.)zhu@zeng |
| 210 | @a北京@c高等教育出版社@d2005.06 | |
| 215 | @a567页@c图@d25cm@e光盘1片 | |
| 225 | 2 | @a海外优秀数学类教材系列丛书@Ahai wai you xiu shu xue lei jiao cai xi lie cong shu |
| 305 | @a据原英文版影印 | |
| 307 | @a光盘 ISBN : 7-89493-536-0 | |
| 320 | @a有书目。 | |
| 330 | @a本书内容包括:应用多元回归分析方法,样本相关,多元数据点图,特征值和特征向量,复合分析原理,因子分析,判别分析,逻辑斯谛回归方法,聚类分析,均值向量。 | |
| 410 | 0 | @12001 @a海外优秀数学类教材系列丛书 |
| 510 | 1 | @aApplied multivariate methods for data analysts@zeng |
| 606 | 0 | @a多元分析@Aduo yuan fen xi@x统计分析@x分析方法@x高等学校@x英文@j教材 |
| 690 | @aO212.4@v4 | |
| 701 | 1 | @a约翰逊,@Ayue han xun,@bD. E.@g(Johnson, D. E.)@4著 |
| 801 | 0 | @aCN@c20090527 |
| 905 | @a10447@dO212.4@eY944 | |
| 应用多元统计分析方法= Applied multivariate methods for data analysts/(美) 约翰逊 (Johnson, D. E.) 著.-北京:高等教育出版社,2005.06 |
| 567页:图;25cm+光盘1片.-(海外优秀数学类教材系列丛书) |
| ISBN 7-04-016545-7:CNY43.30 (含光盘) |
| 本书内容包括:应用多元回归分析方法,样本相关,多元数据点图,特征值和特征向量,复合分析原理,因子分析,判别分析,逻辑斯谛回归方法,聚类分析,均值向量。 |
| ● |
| 相关链接 |
|
|
|
正题名:应用多元统计分析方法
索取号:O212.4/Y944
 
预约/预借
| 序号 | 登录号 | 条形码 | 馆藏地/架位号 | 状态 | 备注 |
| 1 | 468806 | 204688061 | 管理学院资料室/ [索取号:O212.4/Y944] | 在馆 |